000 00406nam a2200157Ia 4500
001 37811
005 20240114001946.0
007 ta
008 070619s g b000 u u
082 _a822.3309
_bG767 C
100 _aBaskar, Granvitte .
245 0 _aA Comp to Shakespeare Studies /
_cGranvitte Baskar.
_hTextual Documents
653 _aEnglish Literature
942 _2ddc
_cBK
999 _c37787
_d37787